header

Rupert Gray (Record no. 46315)

MARC details
000 -LEADER
fixed length control field 01426nam a2200337Ia 4500
100 1# - MAIN ENTRY--AUTHOR NAME
Personal name Cobham, Stephen N.
245 10 - TITLE STATEMENT
Title Rupert Gray
260 ## - PUBLICATION, DISTRIBUTION, ETC. (IMPRINT)
Place of publication Kingston, Jamaica :
Name of publisher UWI Press,
Year of publication c2006.
300 ## - PHYSICAL DESCRIPTION
Number of Pages lv, 171 p.
490 1# - SERIES STATEMENT
Series statement Caribbean heritage series ;
650 #0 - SUBJECT ADDED ENTRY--TOPICAL TERM
Topical Term Interracial dating
Topical Term Trinidadian and Tobagonian fiction.
700 1# - ADDED ENTRY--PERSONAL NAME
Personal name Brereton, Bridget,
Personal name Winer, Lise.
856 40 - ELECTRONIC LOCATION AND ACCESS
Uniform Resource Identifier http://site.ebrary.com/lib/rucke/Doc?id=10342237

No items available.

© 2026 Rongo University
Contact us: librarian | system librarian | Rongo university